Loading...
| Religion | 0 | 6 | 4 | 0 | 40 | 17 | 62.50 | 1 | 4 | 24.40 | 42.72 |
| Mythology | 0 | 4 | 0 | 1 | 40 | 14 | 77.75 | 1 | 2 | 14.13 | 25.00 |
| Philosophy | 0 | 5 | 2 | 0 | 40 | 68 | 78.00 | 1 | 2 | 14.64 | 30.54 |
| Literature - British | 0 | 3 | 0 | 1 | 30 | 90 | 116.00 | 0 | 1 | 5.61 | 11.54 |
| Fine Arts - Other | 0 | 3 | 1 | 1 | 25 | 42 | 96.67 | 1 | 2 | 6.97 | 16.61 |
| History - European | 0 | 4 | 3 | 1 | 25 | 71 | 99.00 | 1 | 1 | 7.27 | 18.82 |
| Social Science | 0 | 2 | 0 | 0 | 20 | 52 | 63.00 | 1 | 1 | 6.99 | 12.18 |
| Geography | 0 | 2 | 0 | 0 | 20 | 54 | 64.00 | 0 | 2 | 33.88 | 58.97 |
| History - Other | 0 | 2 | 0 | 0 | 20 | 52 | 70.50 | 1 | 1 | 7.99 | 14.39 |
| Literature - European | 0 | 2 | 0 | 0 | 20 | 116 | 127.50 | 0 | 0 | 0.85 | 8.04 |
| Current Events | 0 | 2 | 0 | 0 | 20 | 41 | 61.50 | 0 | 1 | 33.92 | 42.09 |
| Fine Arts - Painting and Sculpture | 0 | 2 | 1 | 0 | 15 | 79 | 101.50 | 1 | 1 | 3.72 | 12.59 |
| Popular Culture | 0 | 1 | 0 | 0 | 10 | 74 | 74.00 | 0 | 0 | 16.08 | 19.44 |
| Science - Biology | 0 | 1 | 0 | 0 | 10 | 97 | 97.00 | 0 | 0 | 2.09 | 4.55 |
| Literature - World | 0 | 1 | 1 | 0 | 5 | 144 | 144.00 | 0 | 0 | 0.00 | 2.10 |
| History - American | 0 | 1 | 2 | 1 | 0 | 131 | 131.00 | 0 | 0 | 0.00 | 0.76 |
| History - World | 0 | 1 | 3 | 0 | -5 | 71 | 71.00 | 0 | 1 | 4.38 | 8.39 |
| Literature - American | 0 | 0 | 1 | 0 | -5 | 0.00 | 0 | 0 | 0.00 | 0.00 |